Ivy League Logos - Statistics

General Stats
  • This quiz has been taken 94 times
  • The average score is 7 of 8
Answer Stats
Picture Answer % Correct
Yale
99%
Harvard
97%
Brown
96%
Pennsylvania
94%
Princeton
94%
Dartmouth
90%
Cornell
84%
Columbia
80%
No matching quizzes found
Score Distribution
Percent of People with Each Score
Percentile by Number Answered
Your Score History
You have not taken this quiz